| 000 | 00351nam a22001577a 4500 | ||
|---|---|---|---|
| 003 | OSt | ||
| 008 | 110525b xxu||||| |||| 00| 0 eng d | ||
| 100 | 1 | _aLeab, Daniel J. | |
| 020 | _a9780060125561 | ||
| 041 | _aeng | ||
| 050 | 0 | 0 | _a80008208 |
| 082 | 0 | 0 | _a658.8/4 |
| 245 | 1 | 0 | _aAuction Companion, The |
| 260 |
_aNew York _bHarper & Row |
||
| 300 | _a490 pages | ||
| 999 |
_c5 _d5 |
||